| 000 | 00504nam a2200193Ia 4500 | ||
|---|---|---|---|
| 008 | 140306s9999 xx 000 0 und d | ||
| 020 | _a81 7033 288 7 | ||
| 041 | _aeng | ||
| 082 |
_a658 .83 _bHAR/GL |
||
| 100 | _aHarish, Nayyar | ||
| 245 | _aGlobalization and agricultural marketing | ||
| 260 |
_aJaipur _bRawat Publications _c 1995 |
||
| 300 | _a337 | ||
| 365 | _bRs .450 | ||
| 650 | _aAgricultrural marketing | ||
| 650 | _ahorticultural marketing | ||
| 700 | _aRamaswamy | ||
| 942 |
_2ddc _cBK |
||
| 999 |
_c185653 _d185653 |
||